00480nam a2200193 a 4500001001300000003000900013005001700022008004100039020001000080082001600090100002200106245002300128260004000151300001000191500003500201505001000236650001800246700002200264nice12345678IN_TiNIC20260116011313.0050524s1922 lona grp 000 0 eng  ac10000a297.09bSTO aStoddard, Lothrop aNew World of Islam aLondonbChapman and Hall Ltd.c1922 a306p. aincludes index and biblioraphy2 aIndex aIslam-History1 aStoddard, Lothrop